000 00630nam a2200217 i 4500
001 97388
003 ES-MaACL
005 20250728103613.0
007 t|
008 050711s1935 fr ||||1| fre d
100 1 _aMarcel, Gabriel,
_d1889-1973
_9156691
245 1 0 _aEtre et avoir /
_cGabriel Marcel.
260 _aParis :
_b[s.n.],
_c1935 (
_fImp. Chantenay)
300 _a357 p. ;
_c19 cm.
490 1 _aPhilosophie de l'esprit
650 4 _aReligión-
_xFilosofía
_916799
650 _aOntología.
_915705
830 1 _aPhilosophie de l'esprit
_9184416
852 _aES-MaACL
_jF-7484
999 _c97388
_d97388